Online Catalogue and eLibrary

At the intersection of gender reform and religious belife (Record no. 794)

MARC details
000 -LEADER
fixed length control field 00440nam a2200169Ia 4500
005 - DATE AND TIME OF LATEST TRANSACTION
control field 20240718002642.0
008 - FIXED-LENGTH DATA ELEMENTS--GENERAL INFORMATION
fixed length control field 240331s9999 xx 000 0 und d
082 ## - DDC Classification
Class No. 200
Item Number - Author Mark KOS
100 ## - MAIN ENTRY--PERSONAL NAME
Personal name Kosambi, M
245 #0 - TITLE STATEMENT
Title At the intersection of gender reform and religious belife
260 ## - PUBLICATION, DISTRIBUTION, ETC.
Place of publication, distribution, etc. Bombay
Name of publisher, distributor, etc. Research Centre for Women's Studies
Date of publication, distribution, etc. 1995
300 ## - PHYSICAL DESCRIPTION
Extent (e.g. Volumes, Pages etc.) vi, 150 p .,
650 ## - SUBJECT ADDED ENTRY--TOPICAL TERM
Topical term or geographic name entry element Women
650 ## - SUBJECT ADDED ENTRY--TOPICAL TERM
Topical term or geographic name entry element Gender
650 ## - SUBJECT ADDED ENTRY--TOPICAL TERM
Topical term or geographic name entry element Social
942 ## - Koha item type (Biblio)
Koha item type Books in Stacks (Lending)
Holdings
Lost status Damaged status Collection code Home library Current library Shelving location Date acquired Full call number Accession Number Item type
    Lending WERC Library WERC Library Social Science Cupboard 03/31/2024 200 KOS 5064 Books in Stacks (Lending)

© WERC Library